004980000a2200205000450000500170000024500750001725000070009226000400009930000130013904000080015265000160016065000140017665000120019065000120020265000190021465000170023365000130025065000160026365000130027920120302062006.0 a Maharashtra-Saanvatsrika Athwaa Marathi Vaarshika Dnyaansangraha-1933 a 1 aPune:Laxman Balwant Bhopatkar,1933. a940,47p. aMAR aMaharashtra aHindustan aItihaas aBhugola aJaatiparichaya aSamaajsthiti aShikshan aUdyogdhande aNakaashe